| 000 | 00609nam a2200181 i 4500 | ||
|---|---|---|---|
| 001 | 167031 | ||
| 003 | ES-MaACL | ||
| 005 | 20230906213439.0 | ||
| 008 | 991221s1887 fr |||| | fre d | ||
| 040 |
_aCAM _bspa _cCAM |
||
| 100 | 1 |
_aVasili, Paul _ccomte ( _d1858-1941) _9133568 |
|
| 245 | 1 | 3 |
_aLa société de Rome / _cComte Paul Vasili; éd. augmentée de lettres inédites. |
| 250 | _a3e éd. | ||
| 260 |
_aParis : _bNouvelle Revue, _c1887 ( _ftypographie Georges Chamerot) |
||
| 300 |
_a[4], 596 p. ; _c25 cm. |
||
| 651 |
_aRoma- _xUsos y costumbres. _99321 |
||
| 852 |
_aES-MaACL _jG-8463 _z-- Enc. hol. |
||
| 999 |
_c167031 _d167031 |
||